000 00626nam a2200217Ia 4500
001 5436
008 150430s1968 ii a g b000 u 465 u
082 _a541.3443
100 _aHolloway, John H. .
245 0 _aNoble Gas Chemistry /
_cJohn H. Holloway.
_hTextual Documents
250 _a1st ed. /
260 _aLondon :
_bMethuen & Co ,
_c1968.
300 _aviii, 213p. :
_bill. ;
_c22cm. .
504 _aIndex
653 _aChemistry
653 _aPhysical Chemistry
653 _aPG-Chemistry
653 _aG - Che
856 _uAcc no 73607, Noble Gas Chemistry Shifted From PG Sec to General Sec
942 _2ddc
_cBK
999 _c5423
_d5423